000 00471nam a22001697a 4500
003 OSt
005 20240812115843.0
008 240812b |||||||| |||| 00| 0 eng d
020 _a978-93-5282-727-5
040 _cSBCL
082 _a920
_bJOS-D
245 _aDaivathinte Charanmar
260 _aKottayam
_bDC Books
_c2024
300 _a232p.
650 _2Literature & rhetoric
_a Literatures of other languages
_vAltaic, Uralic, Hyperborean & Dravidian
942 _cBOOK
999 _c136214
_d136214